Aménagement écologique et piscicole des eaux douces

Đã lưu trong:
Chi tiết về thư mục
Tác giả chính: Arrignon, Jacques (Tác giả)
Định dạng: Sách
Ngôn ngữ:Tiếng Pháp
Được phát hành: París Gauthiers-Villars 1976
Phiên bản:3a. ed
Loạt:Ecologie Fondamentale et Appliquée
Những chủ đề:
Các nhãn: Thêm thẻ
Không có thẻ, Là người đầu tiên thẻ bản ghi này!

MARC

LEADER 00000nam a2200000 a 4500
001 UCV3854
003 CL-VaPUC
008 881209e19760000FR |||||||||||||||||fre|d
082 0 4 |a 639.31  |b ARR  |2 21 
100 0 |a Arrignon, Jacques  |e author  |9 298249 
245 1 0 |a Aménagement écologique et piscicole des eaux douces 
250 |a 3a. ed 
300 |a 340 p 
942 |c BK 
945 |d 19881209 00:00:00 
260 |a París  |b Gauthiers-Villars  |c 1976 
650 0 |a Ecología de agua dulce  |9 259973 
650 7 |a PISCICULTURA  |2 CL-VaPUC  |9 259974 
583 |a last modification  |c 19881209 00:00:00  |k Rodrigo Vera 
490 0 |a Ecologie Fondamentale et Appliquée 
999 |c 210971  |d 210969 
952 |0 0  |1 0  |4 0  |6 639_310000000000000_ARR_1976  |7 0  |8 CCM  |9 188146  |a BIBCUR  |b BIBCUR  |d 2019-11-14  |i 2556146  |o 639.31 ARR 1976  |p 2556146  |r 2025-04-22  |w 2019-11-14  |y BK  |k CIM 
952 |0 0  |1 0  |2 ddc  |4 0  |6 639_310000000000000_ARR_1976  |7 0  |8 CCM  |9 188147  |a BIBCUR  |b BIBCUR  |d 2019-11-14  |i 2592614  |o 639.31 ARR 1976  |p 2592614  |r 2025-04-22  |w 2019-11-14  |y BK  |k CIM 
952 |0 0  |1 0  |4 0  |6 639_310000000000000_ARR_1976  |7 0  |8 CCM  |9 188148  |a BIBCUR  |b BIBCUR  |d 2019-11-14  |i 2592622  |o 639.31 ARR 1976  |p 2592622  |r 2025-04-22  |w 2019-11-14  |y BK  |k CIM